000 00697nam a22002417a 4500
001 43412
003 UA-OsUOA
005 20210913092817.0
007 ta
008 20061222b un ||||| |||| 00| 0 ukr d
020 _a5862480013
040 _aUA-OsUOA
_brus
_cUA-OsUOA
_dUA-OsUOA
041 _arus
080 _a821.111
090 _a821.111
_bЗ-35
245 _aЗарубежный роман: в двух томах
_cД. Хэммет, Д. Болл, Э.С. Гарднер, А. Кристи
260 _aК.
_bГлобус
_c1991
300 _a384 с.
505 _gТ.1
650 7 _a82 Література. Літературознавство
_2UDC
942 _cBK
_2udc
955 _a3
999 _c329540
_d329540